00608nam a2200193Ia 4500003000900000008004100009020001800050040001600068080001300084100002800097245003900125260003500164300001300199650004100212650002500253942000700278999001500285952011400300IN-BaIIA211028s9999 xx 000 0 eng d a0-12-640550-6 cIIA Library a533bSHO aShohet, Juda Leon97133 4aThe Plasma statecJuda Leon Shohet aNew YorkbAcademic Pressc1971 ax, 333p. aAstronomy and astrophysics thesaurus aPlasma physics93732 cBK c4041d4041 00104070aBANbBANcGENd1972-10-25g97.20l0o533/ SHOp4513r2021-11-05v97.20w1972-10-25yBKGRs. 97.20